|
|
|
|
| LEADER |
00000nam0a2200000 4500 |
| 001 |
143797 |
| 005 |
20231101221043.0 |
| 010 |
|
|
|a 5940743838
|b (в пер.)
|b 2000 экз.
|
| 021 |
|
|
|a RU
|b 08-11902
|9 08-653
|
| 035 |
|
|
|a (RuTPU)RU\TPU\book\155832
|
| 090 |
|
|
|a 143797
|
| 100 |
|
|
|a 20080331d2008 m y0rusy5002 ca
|
| 101 |
0 |
|
|a rus
|
| 102 |
|
|
|a RU
|
| 105 |
|
|
|a a j 001zy
|
| 200 |
1 |
|
|a Защита компьютерной информации. Эффективные методы и средства
|e учебное пособие
|f Шаньгин В. Ф.
|
| 210 |
|
|
|a Москва
|c ДМК Пресс
|d 2008
|
| 215 |
|
|
|a 542 с.
|c ил.
|
| 225 |
1 |
|
|a Администрирование и защита
|
| 320 |
|
|
|a Предм. указ.: с. 530-542.
|
| 320 |
|
|
|a Библиогр.: с. 524-529.
|
| 330 |
|
|
|a Формулируются основные понятия и определения защиты информации, анализируются угрозы информационной безопасности в компьютерных системах и сетях. Обсуждаются базовые понятия и принципы политики безопасности. Анализируются международные и отечественные стандарты информационной безопасности. Описываются основные криптографические методы и алгоритмы защиты компьютерной информации. Обосновываются многоуровневая защита и комплексный подход к обеспечению информационной безопасности корпоративных систем и сетей. Рассматривается защита информации в распространенных операционных системах. Описываются базовые технологии защиты межсетевого обмена данными. Обсуждаются методы и средства антивирусной защиты. Описывается организационно-правовое обеспечение информационной безопасности на основе государственных стандартов и руководящих документов Государственной технической комиссии России. Книга рекомендуется в качестве учебного пособия для студентов вузов, обучающихся по специальностям направления «Информатика и вычислительная техника». Книга будет также полезна аспирантам и преподавателям вузов соответствующих специальностей. Издание представляет практический интерес для пользователей и администраторов компьютерных сетей и систем, предпринимателей, бизнесменов, менеджеров, руководителей предприятий, стремящихся обеспечить безопасность своих корпоративных информационных систем и сетей. Данное учебное пособие выполнено в соответствии с Инновационной Образовательной программой «Современное профессиональное образование для Российской Инновационной Системы в области электроники» в рамках Национального проекта «Образование».
|
| 606 |
0 |
|
|a Вычислительные сети
|x Обеспечение сохранности данных
|x Учебники и пособия
|2 RuMRKP
|
| 606 |
1 |
|
|a Компьютерные системы
|x Защита информации
|2 stltpush
|3 (RuTPU)RU\TPU\subj\15178
|9 41444
|
| 610 |
1 |
|
|a информационная безопасность
|
| 610 |
1 |
|
|a сетевой информационный обмен
|
| 610 |
1 |
|
|a сетевая безопасность
|
| 610 |
1 |
|
|a стандарты
|
| 610 |
1 |
|
|a криптографическая защита
|
| 610 |
1 |
|
|a шифрование
|
| 610 |
1 |
|
|a хэшифрование
|
| 610 |
1 |
|
|a аутентификация
|
| 610 |
1 |
|
|a авторизация
|
| 610 |
1 |
|
|a администрирование
|
| 610 |
1 |
|
|a корпоративные сети
|
| 610 |
1 |
|
|a многоуровневая защита
|
| 610 |
1 |
|
|a операционные системы
|
| 610 |
1 |
|
|a межсетевые экраны
|
| 610 |
1 |
|
|a функции
|
| 610 |
1 |
|
|a виртуальные защищенные сети
|
| 610 |
1 |
|
|a VPN
|
| 610 |
1 |
|
|a IPSec
|
| 610 |
1 |
|
|a вторжения
|
| 610 |
1 |
|
|a атаки
|
| 610 |
1 |
|
|a компьютерные вирусы
|
| 610 |
1 |
|
|a сетевая защита
|
| 610 |
1 |
|
|a конфиденциальность
|
| 610 |
1 |
|
|a учебные пособия
|
| 675 |
|
|
|a 681.3.067(075.8)
|v 3
|
| 700 |
|
1 |
|a Шаньгин
|b В. Ф.
|g Владимир Федорович
|
| 801 |
|
1 |
|a RU
|b 63413507
|c 20080924
|g PSBO
|
| 801 |
|
2 |
|a RU
|b 63413507
|c 20160118
|g PSBO
|
| 900 |
|
|
|a Информационная безопасность
|
| 900 |
|
|
|a Информационная безопасность и защита информации
|
| 900 |
|
|
|a Информационная безопасность и защита информации в сетях ЭВМ
|
| 900 |
|
|
|a Защита информации в компьютерных системах и сетях
|
| 900 |
|
|
|a Защита информации и информационная безопасность
|
| 942 |
|
|
|c BK
|
| 951 |
|
|
|b 230100
|
| 959 |
|
|
|a 82/20080924
|d 2
|e 413,00
|f ЧЗТЛ:1
|f АНЛ:1
|